Pays qui finissent par A - Statistiques

Statistiques générales
  • Ce quiz a été pris 246 fois
  • Le résultat moyen est 13 sur 20
Statistiques - réponses
Hint Réponse % Correct
C Canada
82%
V Vénézuela
82%
K Kenya
79%
P Panama
74%
G Ghana
72%
O Ouganda
72%
R Rwanda
72%
G Guatemala
71%
N Nicaragua
71%
C Costa-Rica
65%
A Antigua-et-Barbuda
61%
C Cuba
60%
N Nigéria
60%
B Botswana
59%
G Guyana
58%
L Libéria
58%
T Tonga
58%
S Samoa
55%
S Sri Lanka
38%
B Burkina
29%
Aucun quiz correspondant
Distribution des résultats
% des personnes avec chaque résultat
Percentile par nombre de réponses
Votre historique - résultats
Vous n’avez pas pris ce quiz